| 000 | 01072cab a2200325 4500 | ||
|---|---|---|---|
| 001 | ABS46235 | ||
| 008 | 090401t1992 xxu||||| |||| 00| 0 eng d | ||
| 035 | _a(Sirsi) u57271 | ||
| 041 | _aeng | ||
| 100 | _aBlatt, A. | ||
| 245 | _aMortgage fraud investigation: a practical approach | ||
| 260 | _c1992 | ||
| 350 | _a0 | ||
| 490 |
_aLaw Society`s Gazette _v89(16) 29 April 1992, 13-16(3) |
||
| 520 | _aDescribes how mortgage fraud can occur, the creation of a panel of solicitors to help police assess whether evidence points to fraudulant activities or genuine mistake and concludes by highlighting guidance on procedure and professional ethics to avoid fraud. | ||
| 650 | _aCODE OF CONDUCT | ||
| 650 | _aCONVEYANCING | ||
| 650 | _aLAW SOCIETY | ||
| 650 | _aMORTGAGE FRAUD | ||
| 650 | _aMORTGAGES | ||
| 650 | _aPANEL OF SOLICITORS | ||
| 650 | _aPOLICE INVESTIGATIONS | ||
| 650 | _aPROFESSIONAL NEGLIGENCE | ||
| 650 | _aSOLICITORS | ||
| 690 | _aHOUSING-FINANCE | ||
| 690 | _aLAW | ||
| 700 | _aRosenberg, D. | ||
| 942 | _n0 | ||
| 948 | _c04/03/1997 | ||
| 999 |
_c34902 _d34902 |
||